书目信息 |
| 题名: |
全国环境影响评价工程师职业资格考试模拟试题
|
|
| 作者: | 王岩 主编 | |
| 分册: | ||
| 出版信息: | 北京 中国环境科学出版社 2008.02 |
|
| 页数: | 270页 | |
| 开本: | 23cm | |
| 丛书名: | ||
| 单 册: | ||
| 中图分类: | X820.3-44 | |
| 科图分类: | ||
| 主题词: | 环境影响--huan jing ying xiang--评价--考核--习题 | |
| 电子资源: | ||
| ISBN: | 978-7-80209-693-6 | |
| 000 | 00958nam0 2200241 450 | |
| 001 | 012008628265 | |
| 005 | 20080511113436.92 | |
| 010 | @a978-7-80209-693-6@dCNY80.00 | |
| 100 | @a20080511d2008 em y0chiy0120 ea | |
| 101 | 0 | @achi |
| 102 | @aCN@b110000 | |
| 105 | @ay q 000yy | |
| 106 | @ar | |
| 200 | 1 | @a全国环境影响评价工程师职业资格考试模拟试题@Aquan guo huan jing ying xiang ping jia gong cheng shi zhi ye zi ge kao shi mo ni shi ti@f王岩主编@Fwang yan zhu bian |
| 210 | @a北京@c中国环境科学出版社@d2008.02 | |
| 215 | @a270页@d23cm | |
| 300 | @a全国环境影响评价工程师职业资格考试参考资料 | |
| 330 | @a本书提供了环境影响评价相关法律法规、环境影响评价技术导则与标准、环境影响评价技术方法、环境影响评价案例分析这四个科目的模拟试题,并附参考答案。 | |
| 606 | 0 | @a环境影响@Ahuan jing ying xiang@x评价@x考核@j习题 |
| 690 | @aX820.3-44@v4 | |
| 701 | 0 | @a王岩@Awang yan@4主编 |
| 801 | 0 | @aCN@bQSSK@c20080511 |
| 905 | @b711134-36@dX820.3-44@eW445@f3 | |
| 全国环境影响评价工程师职业资格考试模拟试题/王岩主编.-北京:中国环境科学出版社,2008.02 |
| 270页;23cm |
| 全国环境影响评价工程师职业资格考试参考资料 |
| ISBN 978-7-80209-693-6:CNY80.00 |
| 本书提供了环境影响评价相关法律法规、环境影响评价技术导则与标准、环境影响评价技术方法、环境影响评价案例分析这四个科目的模拟试题,并附参考答案。 |
| ● |
| 相关链接 |
|
|
|
正题名:全国环境影响评价工程师职业资格考试模拟试
索取号:X820.3-44/W445
 
预约/预借
| 序号 | 登录号 | 条形码 | 馆藏地/架位号 | 状态 | 备注 |
| 1 | 711134 | 207111347 | 自科库501/501自科库 113排2列4层/ [索取号:X820.3-44/W445] | 在馆 | |
| 2 | 711135 | 207111356 | 自科库501/501自科库 113排2列4层/ [索取号:X820.3-44/W445] | 在馆 | |
| 3 | 711136 | 207111365 | 自科库501/ [索取号:X820.3-44/W445] | 在馆 |